Chemical reactor analysis and applications for the practicing engineer

Сохранить в:
Библиографические подробности
Главный автор:  Theodore, Louis
Формат: Sách
Язык:Undetermined
Опубликовано:  John Wiley & Sons  2012
Предметы:
Метки: Добавить метку
Нет меток, Требуется 1-ая метка записи!
Thư viện lưu trữ: Trung tâm Thư viện - Trường Đại học Công nghiệp TP. Hồ Chí Minh
LEADER 00550nam a2200157Ia 4500
001 UIH_04202
008 231011s9999 xx 000 0 und d
082 |a  660.2832 
100 |a  Theodore, Louis 
245 0 |a  Chemical reactor analysis and applications for the practicing engineer 
245 0 |c  Theodore, Louis 
260 |b  John Wiley & Sons 
260 |c  2012 
650 |a  Chemical reactor; Lò phản ứng hóa học;  
927 |a Sách 
980 |a Trung tâm Thư viện - Trường Đại học Công nghiệp TP. Hồ Chí Minh